00685nam a2200217Ia 4500003000900000008004100009040001300050040001300063041000800076100001700084245008900101250001000190260002000200260000900220300001000229300001200239490000600251942000700257999001700264952018600281IT-RoPAU120407s9999 xx 000 0 und d aIT-RoPAU cIT-RoPAU aita aMario Scelba aLa riunificazione socialista e il Congresso di Trento (Bologna 2 settembre , 1956) aRoma  aLa Tipografica  c1956 a28 p. c21,5 cm v1 cBK c31296d31296 00102ddc406329_500000000000000_1071aPAULUSbPAULUSd2012-04-11l0o329.5.10r2012-04-11 00:00:00w2012-04-11yBKzInserito da: In data: n.d. fondo: Via A.Severo 56 Progr:21329